Behind the mask (Record no. 1515)

MARC details
000 -LEADER
fixed length control field 00970 a2200217 4500
010 ## - LCCN (DPL NO)
LC control number ENG-85154 B-430995
020 ## - INTERNATIONAL STANDARD BOOK NUMBER
International Standard Book Number 0195680839
Terms of availability 595.00
035 ## - SYSTEM CONTROL NUMBER
System control number EN-68687 B-430995
037 ## - SOURCE OF ACQUISITION
Source of stock number/acquisition D.B.Act / Pub
037 ## - SOURCE OF ACQUISITION
Source of stock number/acquisition Allied Pub/Ven
082 14 - DEWEY DECIMAL CLASSIFICATION NUMBER
Classification number 340.115 095414
100 1# - MAIN ENTRY--PERSONAL NAME
Personal name Mukhopadhyay, Anindita
245 1# - TITLE STATEMENT
Title Behind the mask
Remainder of title the cultural defination of the legal subject in colonial Bengal (1715-1911)
Statement of responsibility, etc by Anindita Mukhopadhyay
260 ## - PUBLICATION, DISTRIBUTION, ETC. (IMPRINT)
Place of publication, distribution, etc New Delhi
Name of publisher, distributor, etc Oxford University Press
Date of publication, distribution, etc 2006
270 ## - ADDRESS
Address YMCA Library Building, Jai Singh Road
City New Delhi
Postal code 110 001
300 ## - PHYSICAL DESCRIPTION
Extent xii, 301p.
Other physical details 22 cm (Hb.)
500 ## - GENERAL NOTE
General note Includes index
942 ## - ADDED ENTRY ELEMENTS (KOHA)
Institution code [OBSOLETE] dpl
Item type English Books
Call number prefix 340.115 095414 / MUK
Source of classification or shelving scheme Dewey Decimal Classification
Classification part 340.115095414
Call number suffix MUK
Holdings
Withdrawn status Lost status Not for loan Collection code Home library Current library Source of acquisition Cost, normal purchase price Full call number Barcode Copy number Cost, replacement price Koha item type
    Not For Loan Non-fiction D.B.Act.Division D.B.Act.Division DBAD/PUB 595.00 340.115095414 MUK EN-68687 1 595.00 English Books

© Delhi Public Library
Hit Counter
free hit counter